Contemporary College Physics (Record no. 16990)
[ view plain ]
| 000 -LEADER | |
|---|---|
| fixed length control field | 01223cam a2200373 a 4500 |
| 001 - CONTROL NUMBER | |
| control field | 11940370 |
| 003 - CONTROL NUMBER IDENTIFIER | |
| control field | OSt |
| 005 - DATE AND TIME OF LATEST TRANSACTION | |
| control field | 20140310182851.0 |
| 008 - FIXED-LENGTH DATA ELEMENTS--GENERAL INFORMATION | |
| fixed length control field | 000314s2001 maua 001 0 eng |
| 010 ## - LIBRARY OF CONGRESS CONTROL NUMBER | |
| LC control number | 00035478 |
| 020 ## - INTERNATIONAL STANDARD BOOK NUMBER | |
| International Standard Book Number | 0072399112 (sc : alk. paper) |
| 040 ## - CATALOGING SOURCE | |
| Original cataloging agency | DLC |
| Transcribing agency | DLC |
| Modifying agency | DLC |
| 050 00 - LIBRARY OF CONGRESS CALL NUMBER | |
| Classification number | QC 21.2 |
| Item number | .J76 2001 |
| 082 00 - DEWEY DECIMAL CLASSIFICATION NUMBER | |
| Classification number | M 530 |
| Item number | J71 1997 |
| -- | 3rd ed. |
| 100 1# - MAIN ENTRY--PERSONAL NAME | |
| Personal name | Jones, Edwin R., |
| 245 10 - TITLE STATEMENT | |
| Title | Contemporary College Physics |
| Statement of responsibility, etc | Jones, Dr. Edwin; Childers, Dr. Richard |
| 246 30 - VARYING FORM OF TITLE | |
| Title proper/short title | Physics |
| 250 ## - EDITION STATEMENT | |
| Edition statement | 3rd ed. |
| 260 ## - PUBLICATION, DISTRIBUTION, ETC. (IMPRINT) | |
| Place of publication, distribution, etc | New York : |
| Name of publisher, distributor, etc | McGraw-Hill Companies, Inc., |
| Date of publication, distribution, etc | c2001 |
| 300 ## - PHYSICAL DESCRIPTION | |
| Extent | xx, 1025 p. |
| Other physical details | ill. ; |
| Dimensions | 24 cm. |
| 500 ## - GENERAL NOTE | |
| General note | "International edition"--Cover. |
| 500 ## - GENERAL NOTE | |
| General note | Includes index. |
| 521 ## - TARGET AUDIENCE NOTE | |
| Target audience note | |
| 526 ## - STUDY PROGRAM INFORMATION NOTE | |
| Reading level | 1210L-1700L |
| 541 ## - IMMEDIATE SOURCE OF ACQUISITION NOTE | |
| -- | 1 |
| 541 ## - IMMEDIATE SOURCE OF ACQUISITION NOTE | |
| -- | 2 |
| 541 ## - IMMEDIATE SOURCE OF ACQUISITION NOTE | |
| -- | 3 |
| 562 ## - COPY AND VERSION IDENTIFICATION NOTE | |
| Number of copies | for circulation : 3 copies in the collection |
| 650 #0 - SUBJECT ADDED ENTRY--TOPICAL TERM | |
| Topical term or geographic name as entry element | Physics. |
| 700 1# - ADDED ENTRY--PERSONAL NAME | |
| Personal name | Childers, Richard L. |
| 906 ## - LOCAL DATA ELEMENT F, LDF (RLIN) | |
| a | 7 |
| b | cbc |
| c | orignew |
| d | 1 |
| e | ocip |
| f | 20 |
| g | y-gencatlg |
| 942 ## - ADDED ENTRY ELEMENTS (KOHA) | |
| Source of classification or shelving scheme | Library of Congress Classification |
| Koha item type | Books |
| Call number prefix | |
| Withdrawn status | Lost status | Source of classification or shelving scheme | Damaged status | Home library | Current library | Shelving location | Date acquired | Total Checkouts | Full call number | Barcode | Date last seen | Copy number | Price effective from | Koha item type | Source of acquisition | Total Renewals | Date checked out |
|---|---|---|---|---|---|---|---|---|---|---|---|---|---|---|---|---|---|
| Library of Congress Classification | Archives | Archives | 06/04/2013 | 1 | QC 21.2 .J76 2001 | C5717 | 05/15/2018 | 3 | 11/14/2013 | Books | Donation | 1 | 06/16/2015 | ||||
| Library of Congress Classification | College Library | College Library | General Circulation Section | 06/05/2013 | QC 21.2 .J76 2001 | C0492 | 05/15/2018 | 1 | 11/14/2013 | Books | |||||||
| Library of Congress Classification | College Library | College Library | General Circulation Section | 06/04/2013 | QC 21.2 .J76 2001 | c5326 | 05/15/2018 | 2 | 06/04/2013 | Books |